[Event "Tastrup"]
[Site "Tastrup"]
[Date "1992.??.??"]
[Round "?"]
[White "Chernin, Alexander"]
[Black "Hutters, Tomas"]
[Result "1-0"]
[WhiteElo "2620"]
[BlackElo "2445"]
[PlyCount "47"]
[EventDate "1992.02.??"]
[EventType "tourn"]
[EventRounds "9"]
[EventCountry "DEN"]
[EventCategory "13"]
[Source "ChessBase"]
[SourceDate "1992.06.01"]

1. d4 d5 2. Nf3 Nf6 3. c4 dxc4 4. Nc3 c5 5. d5 e6 6. e4 exd5 7. e5 Nfd7 8. Bg5
Be7 9. Bxe7 Qxe7 10. Nxd5 Qd8 11. Bxc4 Nc6 12. Qc2 Qa5+ 13. Kf1 Nf8 14. Ne3 Ng6
15. Ng5 Ncxe5 16. Re1 O-O 17. h4 Nxc4 18. Nxc4 Qa6 19. h5 Bf5 20. Qxf5 Qxc4+
21. Kg1 Qf4 22. Qxc5 Rfe8 23. Rxe8+ Rxe8 24. g3 1-0

[Event "Tastrup"]
[Site "Tastrup"]
[Date "1992.??.??"]
[Round "?"]
[White "Chernin, Alexander"]
[Black "Romanishin, Oleg M"]
[Result "1-0"]
[WhiteElo "2620"]
[BlackElo "2595"]
[PlyCount "93"]
[EventDate "1992.02.??"]
[EventType "tourn"]
[EventRounds "9"]
[EventCountry "DEN"]
[EventCategory "13"]
[Source "ChessBase"]
[SourceDate "1992.06.01"]

1. d4 Nf6 2. c4 e6 3. Nf3 b6 4. g3 Ba6 5. b3 Bb7 6. Bg2 Bb4+ 7. Bd2 a5 8. O-O
O-O 9. Qc2 d6 10. Nc3 Nbd7 11. Rfe1 Bxc3 12. Bxc3 Be4 13. Qb2 d5 14. Bh3 Bf5
15. Bxf5 exf5 16. Nh4 Ne4 17. f3 Nxc3 18. Qxc3 f4 19. Rac1 Nf6 20. gxf4 c5 21.
Rcd1 Rc8 22. Nf5 Qd7 23. e4 dxe4 24. fxe4 Nxe4 25. Qh3 Qe6 26. d5 Qg6+ 27. Kf1
Rce8 28. d6 Qf6 29. Qg4 Re6 30. Ne7+ Kh8 31. Nd5 Qh6 32. f5 Qxh2 33. Rxe4 Qh1+
34. Kf2 Qxe4 35. Qxe4 Rxe4 36. Kf3 Re5 37. Kf4 f6 38. Ne7 g6 39. fxg6 Kg7 40.
Nf5+ Kxg6 41. Rg1+ Kh5 42. Rh1+ Kg6 43. Rh6+ Kf7 44. Rxh7+ Ke8 45. Ra7 Rf7 46.
Ra8+ Kd7 47. Nh6 1-0

[Event "Tastrup"]
[Site "Tastrup"]
[Date "1992.??.??"]
[Round "?"]
[White "Chernin, Alexander"]
[Black "Hansen, Lars Bo"]
[Result "1-0"]
[WhiteElo "2620"]
[BlackElo "2535"]
[PlyCount "77"]
[EventDate "1992.02.??"]
[EventType "tourn"]
[EventRounds "9"]
[EventCountry "DEN"]
[EventCategory "13"]
[Source "ChessBase"]
[SourceDate "1992.06.01"]

1. d4 Nf6 2. Nf3 g6 3. c4 Bg7 4. Nc3 d5 5. cxd5 Nxd5 6. e4 Nxc3 7. bxc3 c5 8.
Rb1 O-O 9. Be2 Nc6 10. d5 Ne5 11. Nxe5 Bxe5 12. Qd2 b6 13. f4 Bg7 14. O-O e6
15. dxe6 Bxe6 16. f5 Bc8 17. Qxd8 Rxd8 18. Bg5 f6 19. Bc4+ Kh8 20. Bh4 Bb7 21.
Rbe1 Rd2 22. Rf2 Rxf2 23. Kxf2 Re8 24. Bd5 Ba8 25. g4 gxf5 26. gxf5 b5 27. Kf3
a5 28. Rb1 b4 29. cxb4 cxb4 30. Rc1 Bxd5 31. exd5 Kg8 32. d6 Kf8 33. Bf2 Rd8
34. Ke4 Bh6 35. Rc4 Kf7 36. Kd5 Bd2 37. Bb6 Rd7 38. Rc7 Ke8 39. Ke6 1-0

[Event "Tastrup"]
[Site "Tastrup"]
[Date "1992.??.??"]
[Round "?"]
[White "Hansen, Curt"]
[Black "Hutters, Tomas"]
[Result "1/2-1/2"]
[WhiteElo "2620"]
[BlackElo "2445"]
[PlyCount "34"]
[EventDate "1992.02.??"]
[EventType "tourn"]
[EventRounds "9"]
[EventCountry "DEN"]
[EventCategory "13"]
[Source "ChessBase"]
[SourceDate "1992.06.01"]

1. c4 e5 2. g3 c6 3. d4 exd4 4. Qxd4 d5 5. cxd5 cxd5 6. Bg2 Nf6 7. Nf3 Nc6 8.
Qd1 Bc5 9. O-O O-O 10. Nc3 Re8 11. Bf4 d4 12. Na4 Bf8 13. Rc1 Bg4 14. h3 Bf5
15. a3 Qd7 16. g4 Be4 17. b4 Nd5 1/2-1/2

[Event "Tastrup"]
[Site "Tastrup"]
[Date "1992.??.??"]
[Round "?"]
[White "Hansen, Curt"]
[Black "Romanishin, Oleg M"]
[Result "1/2-1/2"]
[WhiteElo "2620"]
[BlackElo "2595"]
[PlyCount "62"]
[EventDate "1992.02.??"]
[EventType "tourn"]
[EventRounds "9"]
[EventCountry "DEN"]
[EventCategory "13"]
[Source "ChessBase"]
[SourceDate "1992.06.01"]

1. c4 e5 2. Nc3 Nf6 3. Nf3 Nc6 4. g3 d5 5. cxd5 Nxd5 6. Bg2 Nb6 7. O-O Be7 8.
a3 Be6 9. d3 O-O 10. b4 a5 11. b5 Nd4 12. Nd2 c6 13. bxc6 Nxc6 14. a4 Qd7 15.
Nf3 Rac8 16. Rb1 Bb4 17. Bd2 f6 18. Nb5 Rfd8 19. Bxb4 axb4 20. Nd2 Qe7 21. Rc1
Na5 22. Rxc8 Rxc8 23. d4 Rd8 24. Qa1 Nbc4 25. Nxc4 Bxc4 26. Rc1 Nb3 27. Qa2 Qf7
28. d5 Bxd5 29. Bxd5 Qxd5 30. Rb1 Nd4 31. Qxd5+ Rxd5 1/2-1/2

[Event "Tastrup"]
[Site "Tastrup"]
[Date "1992.??.??"]
[Round "?"]
[White "Hansen, Curt"]
[Black "Hansen, Lars Bo"]
[Result "1-0"]
[WhiteElo "2620"]
[BlackElo "2535"]
[PlyCount "89"]
[EventDate "1992.02.??"]
[EventType "tourn"]
[EventRounds "9"]
[EventCountry "DEN"]
[EventCategory "13"]
[Source "ChessBase"]
[SourceDate "1992.06.01"]

1. Nf3 Nf6 2. c4 c6 3. Nc3 d5 4. d4 e6 5. Bg5 Be7 6. e3 O-O 7. Qc2 Nbd7 8. Rd1
a6 9. Bd3 dxc4 10. Bxc4 Nd5 11. Bxe7 Qxe7 12. O-O Nxc3 13. Qxc3 b5 14. Bd3 c5
15. Be4 Ra7 16. Ne5 Rc7 17. Nxd7 b4 18. Qc2 Bxd7 19. Bxh7+ Kh8 20. Bd3 a5 21.
Qe2 g6 22. Rc1 Rfc8 23. Ba6 Ra8 24. Bb5 Rac8 25. Ba6 Ra8 26. Rfd1 Raa7 27. Bc4
cxd4 28. Rxd4 Bb5 29. b3 Bxc4 30. Rdxc4 Rxc4 31. Qxc4 Rd7 32. Qf4 Qc5 33. e4
Kg7 34. h4 Qd4 35. g3 Qd2 36. Qe5+ f6 37. Qc5 e5 38. Qc8 Rf7 39. Qc2 Rd7 40.
Kg2 Kf7 41. Qc8 Re7 42. Rc5 Qe2 43. Qa8 g5 44. hxg5 fxg5 45. Rc8 1-0

[Event "Tastrup"]
[Site "Tastrup"]
[Date "1992.??.??"]
[Round "?"]
[White "Hansen, Lars Bo"]
[Black "Wahls, Matthias"]
[Result "1-0"]
[WhiteElo "2535"]
[BlackElo "2570"]
[PlyCount "97"]
[EventDate "1992.02.??"]
[EventType "tourn"]
[EventRounds "9"]
[EventCountry "DEN"]
[EventCategory "13"]
[Source "ChessBase"]
[SourceDate "1992.06.01"]

1. c4 g6 2. d4 Nf6 3. Nc3 Bg7 4. e4 d6 5. Nf3 O-O 6. Be2 e5 7. Be3 c6 8. Qd2
Nbd7 9. Rd1 Re8 10. d5 cxd5 11. cxd5 a6 12. Qc2 Qc7 13. Nd2 b5 14. Rc1 Nb6 15.
Qd1 Qb8 16. a4 bxa4 17. Nxa4 Nxa4 18. Qxa4 Bd7 19. Qa3 Bb5 20. f3 Nh5 21. Bc4
f5 22. O-O Nf6 23. Bxb5 axb5 24. Qd3 f4 25. Bf2 g5 26. Kh1 g4 27. fxg4 Nxg4 28.
Bg1 Re7 29. Qh3 Nf6 30. Rc6 Qd8 31. Rfc1 Qd7 32. Qd3 Bf8 33. Nf3 Qg4 34. R6c2
Rg7 35. Re2 Ra4 36. h3 Qg6 37. Nh4 Qh5 38. Bf2 Kh8 39. Qf3 Qg5 40. Nf5 Rg8 41.
Bh4 Qg6 42. Bxf6+ Qxf6 43. Rec2 Rg5 44. Rc8 Rxf5 45. exf5 Qxf5 46. R1c7 Kg8 47.
Re8 Rc4 48. Rxc4 bxc4 49. Qg4+ 1-0

[Event "Tastrup"]
[Site "Tastrup"]
[Date "1992.??.??"]
[Round "?"]
[White "Hansen, Lars Bo"]
[Black "Hutters, Tomas"]
[Result "1-0"]
[WhiteElo "2535"]
[BlackElo "2445"]
[PlyCount "81"]
[EventDate "1992.02.??"]
[EventType "tourn"]
[EventRounds "9"]
[EventCountry "DEN"]
[EventCategory "13"]
[Source "ChessBase"]
[SourceDate "1992.06.01"]

1. d4 d5 2. Nf3 Nf6 3. c4 dxc4 4. e3 e6 5. Bxc4 c5 6. O-O a6 7. Bd3 Nc6 8. Nc3
Qc7 9. a3 Bd7 10. Qe2 Rc8 11. Bd2 cxd4 12. exd4 Be7 13. Rac1 O-O 14. Rfd1 Rfe8
15. Bb1 Qb6 16. Bg5 Nd5 17. Nxd5 exd5 18. Bxe7 Nxe7 19. Rxc8 Nxc8 20. Ne5 Be6
21. b4 Nd6 22. Qf3 Rc8 23. h4 Nb5 24. Qd3 g6 25. Qe3 f6 26. Nf3 Bg4 27. Bd3
Nxa3 28. Qf4 Bxf3 29. Qxf3 Qd6 30. h5 f5 31. hxg6 hxg6 32. Bxf5 Rf8 33. Qxa3
Rxf5 34. g3 Rh5 35. Re1 Rf5 36. Qc3 Rf8 37. Re5 Qf6 38. Qe3 Qd6 39. Re6 Qxb4
40. Rxg6+ Kf7 41. Qe5 1-0

[Event "Tastrup"]
[Site "Tastrup"]
[Date "1992.??.??"]
[Round "?"]
[White "Hansen, Lars Bo"]
[Black "Romanishin, Oleg M"]
[Result "1/2-1/2"]
[WhiteElo "2535"]
[BlackElo "2595"]
[PlyCount "86"]
[EventDate "1992.02.??"]
[EventType "tourn"]
[EventRounds "9"]
[EventCountry "DEN"]
[EventCategory "13"]
[Source "ChessBase"]
[SourceDate "1992.06.01"]

1. d4 Nf6 2. Nf3 e6 3. c4 b6 4. Bf4 Bb7 5. e3 Bb4+ 6. Nfd2 O-O 7. a3 Be7 8. Nc3
d6 9. Bd3 e5 10. Bg5 exd4 11. exd4 c5 12. Nf3 Nbd7 13. Be3 d5 14. O-O cxd4 15.
Bxd4 dxc4 16. Bxc4 Qc7 17. Ba2 Rad8 18. Qe2 Bc5 19. Rad1 Rde8 20. Qd3 Qf4 21.
Bxc5 Nxc5 22. Qd4 Qf5 23. Nh4 Qh5 24. g3 Ne6 25. Bxe6 Rxe6 26. f4 Rfe8 27. f5
R6e7 28. Qd2 h6 29. Rfe1 Rxe1+ 30. Rxe1 Rxe1+ 31. Qxe1 Qg4 32. Qe5 Kh7 33. Qf4
Qxf4 34. gxf4 Nh5 35. Nb5 Nxf4 36. Nxa7 h5 37. Nb5 Kh6 38. Nd6 Bd5 39. Kf2 Kg5
40. Nf3+ Kf6 41. Ke3 Ng2+ 42. Kf2 Nf4 43. Ke3 Ng2+ 1/2-1/2

[Event "Tastrup"]
[Site "Tastrup"]
[Date "1992.??.??"]
[Round "?"]
[White "Hector, Jonny"]
[Black "Van Wely, Loek"]
[Result "1-0"]
[WhiteElo "2535"]
[BlackElo "2560"]
[PlyCount "113"]
[EventDate "1992.02.??"]
[EventType "tourn"]
[EventRounds "9"]
[EventCountry "DEN"]
[EventCategory "13"]
[Source "ChessBase"]
[SourceDate "1992.06.01"]

1. e4 d6 2. d4 g6 3. Nc3 Bg7 4. f4 Nf6 5. Nf3 c5 6. dxc5 Qa5 7. Bd3 Qxc5 8. Qe2
Bg4 9. Be3 Qa5 10. O-O O-O 11. h3 Bxf3 12. Qxf3 Nc6 13. Kh1 Nb4 14. a3 Nxd3 15.
cxd3 Nd7 16. Bd2 Rac8 17. f5 e6 18. Qg3 Qb6 19. Rab1 Rfe8 20. Bg5 Ne5 21. f6
Bh8 22. Be3 Qa6 23. d4 Nc4 24. Qf2 Qb6 25. Qe2 Nxe3 26. Qxe3 Rc4 27. Ne2 Rec8
28. Qd3 Qd8 29. Qf3 Rc2 30. e5 Qb6 31. Qd3 dxe5 32. dxe5 Rxb2 33. Rxb2 Qxb2 34.
Rd1 h5 35. Qd7 Ra8 36. Nd4 Qxa3 37. Nf3 b6 38. Qe7 Qc5 39. Rd7 Rf8 40. Rxa7
Qc1+ 41. Ng1 Qc5 42. Rd7 g5 43. Ne2 Kh7 44. Rd6 Qc8 45. Rxb6 Kg6 46. Rb7 Qd8
47. Qb4 Kh6 48. Kh2 Kg6 49. h4 gxh4 50. Qe4+ Kh6 51. Qe3+ Kg6 52. Nf4+ Kf5 53.
Nxh5 Qd1 54. Ng7+ Kg6 55. Qe4+ Kg5 56. Rb4 Bxg7 57. fxg7 1-0

[Event "Tastrup"]
[Site "Tastrup"]
[Date "1992.??.??"]
[Round "?"]
[White "Hector, Jonny"]
[Black "Wahls, Matthias"]
[Result "1-0"]
[WhiteElo "2535"]
[BlackElo "2570"]
[PlyCount "122"]
[EventDate "1992.02.??"]
[EventType "tourn"]
[EventRounds "9"]
[EventCountry "DEN"]
[EventCategory "13"]
[Source "ChessBase"]
[SourceDate "1992.06.01"]

1. e4 d6 2. d4 Nf6 3. Nc3 e5 4. dxe5 dxe5 5. Qxd8+ Kxd8 6. Nf3 Bd6 7. Bg5 Be6
8. O-O-O Nbd7 9. Bb5 Kc8 10. Bxf6 Nxf6 11. Ng5 Rf8 12. Nxe6 fxe6 13. Rhe1 Bc5
14. f3 c6 15. Bc4 Re8 16. g3 Kc7 17. Bf1 Re7 18. Na4 Bd4 19. Rd3 a5 20. Red1
Nd7 21. c3 Bf2 22. b3 b5 23. Nb2 Rf8 24. Be2 h5 25. Rf1 Bb6 26. Kc2 h4 27. Rdd1
Rh8 28. g4 Be3 29. a4 bxa4 30. Nxa4 Nf6 31. Nb2 Bf4 32. h3 Ra8 33. Ra1 Nh7 34.
Nc4 Ng5 35. Rxa5 Rxa5 36. Nxa5 Bg3 37. Rh1 Rf7 38. Nc4 Nxf3 39. Rf1 Ne1+ 40.
Kc1 Rd7 41. Rf8 Bf4+ 42. Kb2 Nd3+ 43. Bxd3 Rxd3 44. Rf7+ Kd8 45. g5 Rxh3 46. g6
Rh1 47. Na5 h3 48. Nxc6+ Kc8 49. Rxg7 h2 50. Rh7 Rg1 51. Ka3 h1=Q 52. Rxh1 Rxh1
53. g7 Rg1 54. g8=Q+ Rxg8 55. Ne7+ Kd7 56. Nxg8 Bg5 57. Kb4 Kc6 58. Kc4 Kb6 59.
b4 Kc6 60. Kb3 Kb5 61. c4+ Kc6 1-0

[Event "Tastrup"]
[Site "Tastrup"]
[Date "1992.??.??"]
[Round "?"]
[White "Hector, Jonny"]
[Black "Hansen, Curt"]
[Result "1/2-1/2"]
[WhiteElo "2535"]
[BlackElo "2620"]
[PlyCount "134"]
[EventDate "1992.02.??"]
[EventType "tourn"]
[EventRounds "9"]
[EventCountry "DEN"]
[EventCategory "13"]
[Source "ChessBase"]
[SourceDate "1992.06.01"]

1. e4 d6 2. d4 Nf6 3. Nc3 g6 4. f4 Bg7 5. Nf3 O-O 6. Be2 c5 7. dxc5 Qa5 8. O-O
Qxc5+ 9. Kh1 Nc6 10. Bd3 Bg4 11. Qe1 Rfc8 12. Be3 Qa5 13. Bd2 Nb4 14. Ng5 h6
15. h3 Bd7 16. Nf3 Qh5 17. e5 dxe5 18. fxe5 Ng4 19. Bf4 Bc6 20. e6 f5 21. Ne2
Nxc2 22. Ng3 Nxe1 23. Raxe1 Nf6 24. Nxh5 Nxh5 25. Ne5 Nxf4 26. Rxf4 Bxe5 27.
Rxe5 Rd8 28. Bb5 Rac8 29. Rc4 Bxb5 30. Rxc8 Rxc8 31. Rxb5 Rc7 32. Rd5 Rc6 33.
Rd7 Rxe6 34. Rxb7 a6 35. a4 Kf7 36. a5 Kf6 37. b4 Re4 38. Kh2 h5 39. Kg3 g5 40.
Kf2 e6 41. Rb6 h4 42. Rxa6 Rxb4 43. Ra8 Rb2+ 44. Kg1 Ke5 45. a6 Ra2 46. a7 Kf4
47. Re8 Rxa7 48. Rxe6 Ra1+ 49. Kf2 Ra2+ 50. Kg1 Ra1+ 51. Kf2 g4 52. hxg4 fxg4
53. Rf6+ Ke5 54. Rh6 Ra2+ 55. Ke3 Ra3+ 56. Kf2 Kf4 57. Rf6+ Kg5 58. Rf8 Ra2+
59. Kf1 Ra1+ 60. Kf2 g3+ 61. Ke2 Ra4 62. Kf1 Rf4+ 63. Rxf4 Kxf4 64. Kg1 Kg4 65.
Kh1 h3 66. Kg1 h2+ 67. Kh1 Kf4 1/2-1/2

[Event "Tastrup"]
[Site "Tastrup"]
[Date "1992.??.??"]
[Round "?"]
[White "Hector, Jonny"]
[Black "Hansen, Lars Bo"]
[Result "1/2-1/2"]
[WhiteElo "2535"]
[BlackElo "2535"]
[PlyCount "88"]
[EventDate "1992.02.??"]
[EventType "tourn"]
[EventRounds "9"]
[EventCountry "DEN"]
[EventCategory "13"]
[Source "ChessBase"]
[SourceDate "1992.06.01"]

1. e4 c6 2. Nc3 d5 3. Nf3 dxe4 4. Ng5 e6 5. Ngxe4 c5 6. Bb5+ Bd7 7. d3 Bxb5 8.
Nxb5 Nc6 9. O-O a6 10. Nbc3 Nf6 11. Be3 Nd4 12. Na4 Nxe4 13. dxe4 b5 14. c3 e5
15. cxd4 cxd4 16. Qh5 Qd6 17. f4 bxa4 18. fxe5 Qe6 19. Bxd4 Rd8 20. Bc3 Be7 21.
a3 O-O 22. Rad1 Rxd1 23. Rxd1 Rd8 24. h3 h6 25. Qf3 Qb6+ 26. Kh1 Rxd1+ 27. Qxd1
Qe3 28. Qd4 Qc1+ 29. Kh2 Bf8 30. g4 h5 31. gxh5 Qf4+ 32. Kg2 Qg5+ 33. Kf1 Qg3
34. Qd7 Qf3+ 35. Ke1 Qxe4+ 36. Kd2 Qf4+ 37. Kc2 Qe4+ 38. Qd3 Qg2+ 39. Kb1 Qh1+
40. Ka2 Qc6 41. Kb1 Qh1+ 42. Ka2 Qc6 43. Qd4 Be7 44. Qd3 Bf8 1/2-1/2

[Event "Tastrup"]
[Site "Tastrup"]
[Date "1992.??.??"]
[Round "?"]
[White "Hutters, Tomas"]
[Black "Nielsen, Peter Heine"]
[Result "1-0"]
[WhiteElo "2445"]
[BlackElo "2420"]
[PlyCount "53"]
[EventDate "1992.02.??"]
[EventType "tourn"]
[EventRounds "9"]
[EventCountry "DEN"]
[EventCategory "13"]
[Source "ChessBase"]
[SourceDate "1992.06.01"]

1. d4 d5 2. Nf3 Nf6 3. c4 c6 4. Nc3 dxc4 5. a4 Bg4 6. Ne5 Bh5 7. f3 Nfd7 8.
Nxc4 e5 9. Ne4 Bb4+ 10. Bd2 Qe7 11. Bxb4 Qxb4+ 12. Qd2 Qxd2+ 13. Kxd2 O-O 14.
Nxe5 Nxe5 15. dxe5 Rd8+ 16. Kc3 Rd5 17. f4 Bg6 18. Ng3 Rc5+ 19. Kd4 Rd5+ 20.
Kc4 Nd7 21. e4 b5+ 22. Kc3 b4+ 23. Kxb4 Bxe4 24. Bc4 Rd4 25. Kc3 c5 26. Nxe4
Nb6 27. Nd6 1-0

[Event "Tastrup"]
[Site "Tastrup"]
[Date "1992.??.??"]
[Round "?"]
[White "Hutters, Tomas"]
[Black "Romanishin, Oleg M"]
[Result "1/2-1/2"]
[WhiteElo "2445"]
[BlackElo "2595"]
[PlyCount "38"]
[EventDate "1992.02.??"]
[EventType "tourn"]
[EventRounds "9"]
[EventCountry "DEN"]
[EventCategory "13"]
[Source "ChessBase"]
[SourceDate "1992.06.01"]

1. d4 Nf6 2. c4 e6 3. g3 c5 4. Nf3 cxd4 5. Nxd4 Bb4+ 6. Bd2 Be7 7. Bg2 Nc6 8.
Bf4 O-O 9. Nc3 d5 10. O-O Qb6 11. Be3 Qxb2 12. cxd5 exd5 13. Nxd5 Nxd5 14. Bxd5
Bh3 15. Nxc6 bxc6 16. Bg2 Bxg2 17. Kxg2 Bf6 18. Qd3 Qb5 19. Rab1 Qxd3 1/2-1/2

[Event "Tastrup"]
[Site "Tastrup"]
[Date "1992.??.??"]
[Round "?"]
[White "Hutters, Tomas"]
[Black "Gurevich, Mikhail"]
[Result "0-1"]
[WhiteElo "2445"]
[BlackElo "2635"]
[PlyCount "72"]
[EventDate "1992.02.??"]
[EventType "tourn"]
[EventRounds "9"]
[EventCountry "DEN"]
[EventCategory "13"]
[Source "ChessBase"]
[SourceDate "1992.06.01"]

1. e4 e6 2. d4 d5 3. Nc3 Bb4 4. Nge2 Nf6 5. Bg5 dxe4 6. a3 Be7 7. Bxf6 Bxf6 8.
Nxe4 Nc6 9. c3 O-O 10. f4 Be7 11. Ng1 Nb8 12. Nf3 Nd7 13. Bd3 c5 14. dxc5 Qc7
15. b4 b6 16. Qc2 bxc5 17. O-O Bb7 18. Rae1 c4 19. Be2 Bd5 20. Nd4 Rae8 21. Ng5
g6 22. Bf3 Nb6 23. Kh1 Bf6 24. Ne4 Bxd4 25. cxd4 Bxe4 26. Bxe4 Rd8 27. Rd1 Rd7
28. a4 Rfd8 29. a5 Nc8 30. f5 exf5 31. Bxf5 gxf5 32. Qxf5 Rd6 33. Rde1 Rg6 34.
Re3 Nd6 35. Qh5 Qb7 36. Rg3 Qxb4 0-1

[Event "Tastrup"]
[Site "Tastrup"]
[Date "1992.??.??"]
[Round "?"]
[White "Hutters, Tomas"]
[Black "Hector, Jonny"]
[Result "1/2-1/2"]
[WhiteElo "2445"]
[BlackElo "2535"]
[PlyCount "105"]
[EventDate "1992.02.??"]
[EventType "tourn"]
[EventRounds "9"]
[EventCountry "DEN"]
[EventCategory "13"]
[Source "ChessBase"]
[SourceDate "1992.06.01"]

1. Nf3 d5 2. c4 e6 3. d4 Nf6 4. g3 Bb4+ 5. Bd2 Be7 6. Bg2 O-O 7. O-O Nbd7 8.
Qc2 c6 9. Bf4 Ne4 10. Nc3 f5 11. Nxe4 dxe4 12. Ne5 Bf6 13. Rad1 Qe7 14. c5 Rd8
15. f3 exf3 16. Nxf3 Nf8 17. e4 Qe8 18. Bc7 Rd7 19. Bd6 g6 20. Ne5 Rg7 21. Ng4
Nd7 22. Nxf6+ Nxf6 23. Qc3 Rf7 24. Rde1 Bd7 25. d5 Nxe4 26. Bxe4 fxe4 27. Rxf7
Qxf7 28. Rf1 Qg7 29. Qxg7+ Kxg7 30. Be5+ Kg8 31. d6 b6 32. Re1 bxc5 33. Rxe4
Rb8 34. Ra4 Rb7 35. h4 Be8 36. Kf2 h6 37. Rc4 g5 38. hxg5 hxg5 39. Rg4 Rf7+ 40.
Ke3 Rf5 41. Bf4 Kf7 42. Bxg5 Re5+ 43. Kf2 Rf5+ 44. Rf4 Kg6 45. Rxf5 exf5 46.
Be3 a6 47. Bxc5 Kf6 48. Ke3 Ke5 49. Kd3 Kd5 50. b4 Ke6 51. Kd4 Bh5 52. Ke3 Kd7
53. Kf4 1/2-1/2

[Event "Tastrup"]
[Site "Tastrup"]
[Date "1992.??.??"]
[Round "?"]
[White "Nielsen, Peter Heine"]
[Black "Van Wely, Loek"]
[Result "1-0"]
[WhiteElo "2420"]
[BlackElo "2560"]
[PlyCount "69"]
[EventDate "1992.02.??"]
[EventType "tourn"]
[EventRounds "9"]
[EventCountry "DEN"]
[EventCategory "13"]
[Source "ChessBase"]
[SourceDate "1992.06.01"]

1. e4 c5 2. Nf3 e6 3. d4 cxd4 4. Nxd4 a6 5. Nc3 Qc7 6. Be2 Nf6 7. O-O d6 8. f4
Be7 9. Kh1 O-O 10. a4 Nc6 11. Be3 Re8 12. Bf3 Bd7 13. Nb3 b6 14. g4 Bc8 15. g5
Nd7 16. Bg2 Bb7 17. Rf3 g6 18. Rh3 Nb4 19. Qd2 Bf8 20. Rf1 Bg7 21. Qf2 Rac8 22.
Bd4 Qc4 23. Bxg7 Kxg7 24. Rd1 e5 25. fxe5 Nc6 26. exd6 Re5 27. Nd2 Qb4 28.
Rxh7+ Kxh7 29. Qxf7+ Kh8 30. Qxd7 Rb8 31. Nd5 Rxd5 32. exd5 Ne5 33. Qh3+ Kg7
34. Qh6+ Kg8 35. Ne4 1-0

[Event "Tastrup"]
[Site "Tastrup"]
[Date "1992.??.??"]
[Round "?"]
[White "Nielsen, Peter Heine"]
[Black "Chernin, Alexander"]
[Result "1/2-1/2"]
[WhiteElo "2420"]
[BlackElo "2620"]
[PlyCount "40"]
[EventDate "1992.02.??"]
[EventType "tourn"]
[EventRounds "9"]
[EventCountry "DEN"]
[EventCategory "13"]
[Source "ChessBase"]
[SourceDate "1992.06.01"]

1. e4 d6 2. d4 Nf6 3. Nc3 g6 4. Nf3 Bg7 5. Be2 O-O 6. O-O Bg4 7. Be3 Nc6 8. Qd2
e5 9. d5 Ne7 10. Rad1 Bd7 11. Ne1 Ng4 12. Bxg4 Bxg4 13. f3 Bd7 14. f4 Bg4 15.
Rb1 c6 16. fxe5 dxe5 17. Bc5 b6 18. Ba3 c5 19. b4 cxb4 20. Bxb4 Bd7 1/2-1/2

[Event "Tastrup"]
[Site "Tastrup"]
[Date "1992.??.??"]
[Round "?"]
[White "Nielsen, Peter Heine"]
[Black "Hansen, Curt"]
[Result "0-1"]
[WhiteElo "2420"]
[BlackElo "2620"]
[PlyCount "120"]
[EventDate "1992.02.??"]
[EventType "tourn"]
[EventRounds "9"]
[EventCountry "DEN"]
[EventCategory "13"]
[Source "ChessBase"]
[SourceDate "1992.06.01"]

1. e4 c5 2. Nf3 e6 3. d4 cxd4 4. Nxd4 a6 5. Nc3 Nc6 6. Be2 Qc7 7. O-O Nf6 8.
Be3 Bb4 9. Na4 O-O 10. Nxc6 bxc6 11. f4 d5 12. e5 Ne4 13. Bd3 f5 14. Bxe4 fxe4
15. Bb6 Qb8 16. Qd4 a5 17. a3 Be7 18. Bc5 Bxc5 19. Nxc5 Ra7 20. g3 Raf7 21. h4
h6 22. Rf2 Qc7 23. Raf1 Qe7 24. Kg2 Qa7 25. h5 Qe7 26. c3 g6 27. hxg6 Rg7 28.
Rh1 Rxg6 29. Qe3 Kh7 30. Rh3 Rfg8 31. Kf1 Qg7 32. Rg2 Rg4 33. Kf2 Qf8 34. Rgh2
R8g6 35. Rh4 R4g5 36. R2h3 Rxe5 37. g4 Reg5 38. Kg3 Rxg4+ 39. Rxg4 Rxg4+ 40.
Kxg4 Qg7+ 41. Kh4 e5 42. f5 Bxf5 43. Rg3 Qe7+ 44. Kh5 Qe8+ 45. Kh4 Qe7+ 46. Kh5
Qf7+ 47. Kh4 Qf6+ 48. Kh5 d4 49. Qg1 Qf7+ 50. Kh4 Qf6+ 51. Kh5 e3 52. Qg2 Qf7+
53. Kh4 Qf6+ 54. Kh5 d3 55. Ne4 Qf7+ 56. Kh4 Qe7+ 57. Kh5 Qe8+ 58. Kh4 Qd8+ 59.
Kh5 d2 60. Rg7+ Kh8 0-1

[Event "Tastrup"]
[Site "Tastrup"]
[Date "1992.??.??"]
[Round "?"]
[White "Romanishin, Oleg M"]
[Black "Nielsen, Peter Heine"]
[Result "1-0"]
[WhiteElo "2595"]
[BlackElo "2420"]
[PlyCount "63"]
[EventDate "1992.02.??"]
[EventType "tourn"]
[EventRounds "9"]
[EventCountry "DEN"]
[EventCategory "13"]
[Source "ChessBase"]
[SourceDate "1992.06.01"]

1. d4 Nf6 2. Nf3 c6 3. c4 d6 4. Nc3 Nbd7 5. e4 e5 6. Be2 Be7 7. O-O a6 8. d5
Nc5 9. Qc2 cxd5 10. cxd5 Qc7 11. Qb1 Bd7 12. Be3 Ng4 13. Bd2 O-O 14. h3 Nf6 15.
Rc1 Qb8 16. Be3 Rc8 17. Nd2 Na4 18. Nxa4 Rxc1+ 19. Qxc1 Bxa4 20. b3 Bd7 21. a4
b5 22. axb5 Bxb5 23. Bxb5 Qxb5 24. Ra4 Bd8 25. Qa3 Bb6 26. Bxb6 Qxb6 27. Nc4
Qd4 28. Nxd6 Qc3 29. Rxa6 Rxa6 30. Qxa6 Qe1+ 31. Kh2 g6 32. Qa7 1-0

[Event "Tastrup"]
[Site "Tastrup"]
[Date "1992.??.??"]
[Round "?"]
[White "Romanishin, Oleg M"]
[Black "Van Wely, Loek"]
[Result "1-0"]
[WhiteElo "2595"]
[BlackElo "2560"]
[PlyCount "121"]
[EventDate "1992.02.??"]
[EventType "tourn"]
[EventRounds "9"]
[EventCountry "DEN"]
[EventCategory "13"]
[Source "ChessBase"]
[SourceDate "1992.06.01"]

1. d4 Nf6 2. Nf3 g6 3. g3 Bg7 4. Bg2 O-O 5. O-O d6 6. Nc3 Nbd7 7. e4 e5 8. a4
a5 9. h3 b6 10. Re1 Bb7 11. d5 Nc5 12. Nh2 Ne8 13. f4 f5 14. exf5 gxf5 15. Nf3
e4 16. Nd4 Qf6 17. Ndb5 Qg6 18. g4 fxg4 19. hxg4 Nf6 20. g5 Nh5 21. Qg4 Rf7 22.
Be3 Raf8 23. Rf1 h6 24. Rae1 Ba6 25. Bxc5 Rxf4 26. Rxf4 Rxf4 27. Qe6+ Qxe6 28.
dxe6 bxc5 29. e7 Bxb5 30. Nxb5 Kf7 31. Bxe4 Rg4+ 32. Kf2 Be5 33. Bg6+ Kxe7 34.
Bxh5 Rxg5 35. Bf3 Kd7 36. Rh1 h5 37. Rxh5 Rxh5 38. Bxh5 Bxb2 39. Bg4+ Kc6 40.
c4 Kb6 41. Ke3 Be5 42. Na3 c6 43. Ke4 Kc7 44. Nc2 Kd8 45. Kf5 Ke7 46. Bf3 Kd7
47. Ne1 Bc3 48. Nd3 Bd4 49. Bg2 Bc3 50. Kg6 Bd4 51. Kf7 d5 52. cxd5 c4 53.
dxc6+ Kd6 54. Ne1 c3 55. Nc2 Bb6 56. Kf6 Kc5 57. Ke6 Kc4 58. Be4 Kb3 59. Kd5
Bd8 60. Kc5 Kb2 61. Kb5 1-0

[Event "Tastrup"]
[Site "Tastrup"]
[Date "1992.??.??"]
[Round "?"]
[White "Romanishin, Oleg M"]
[Black "Gurevich, Mikhail"]
[Result "1-0"]
[WhiteElo "2595"]
[BlackElo "2635"]
[PlyCount "69"]
[EventDate "1992.02.??"]
[EventType "tourn"]
[EventRounds "9"]
[EventCountry "DEN"]
[EventCategory "13"]
[Source "ChessBase"]
[SourceDate "1992.06.01"]

1. d4 d5 2. c4 c6 3. Nf3 Nf6 4. Qb3 dxc4 5. Qxc4 Bf5 6. g3 e6 7. Bg2 Nbd7 8.
O-O Be7 9. Nbd2 O-O 10. Qb3 Qb6 11. Nc4 Qa6 12. Re1 Be4 13. Ncd2 Bg6 14. e4 c5
15. Bf1 Qb6 16. Qxb6 axb6 17. a3 Rfd8 18. e5 Nd5 19. Nc4 b5 20. Ne3 Nc7 21. Ng2
cxd4 22. Nxd4 b4 23. Nf3 h6 24. Nf4 Bc2 25. Bd2 g5 26. Ng2 b3 27. Rac1 Nc5 28.
Bb4 Nd5 29. Bxc5 Bxc5 30. Bd3 Bxf2+ 31. Kxf2 Bxd3 32. Nd4 Ra6 33. Red1 Be4 34.
Ne3 Kg7 35. Rc5 1-0